MARC

LEADER 00000nam0a2200000 4500
001 267801
005 20231101234117.0
020 |a RU  |b 86-98852 
035 |a (RuTPU)RU\TPU\book\290887 
090 |a 267801 
100 |a 20140807d1986 k y0rusy5003 ca 
101 0 |a rus 
102 |a UZ 
105 |a y z 001zy 
200 1 |a Классификация и представление упорядоченных йордановых алгебр  |f Ш. А. Аюпов  |g Академия наук Узбекской ССР (АН УзССР), Институт математики им. В. И. Романовского ; под ред. Т. А. Сарымсакова 
210 |a Ташкент  |c Фан  |d 1986 
215 |a 124 с. 
320 |a Библиогр.: с. 115-122. 
606 1 |a Йордановы алгебры  |2 stltpush  |3 (RuTPU)RU\TPU\subj\1749  |9 30447 
610 1 |a классификация 
610 1 |a инволютивные антиавтоморфизмы 
610 1 |a операторы 
610 1 |a пространства 
610 1 |a теоремы Радона-Никодима 
675 |a 517.986  |v 3 
700 1 |a Аюпов  |b Ш. А.  |g Шавкат Абдуллаевич 
702 1 |a Сарымсаков  |b Т. А.  |4 340 
712 0 2 |a Академия наук Узбекской ССР (АН УзССР)  |b Институт математики им. В. И. Романовского  |2 stltpush  |3 (RuTPU)RU\TPU\col\12154 
801 0 |a RU  |b RuMRKP  |c 19950417  |g psbo 
801 1 |a RU  |b 63413507  |c 20140807 
801 2 |a RU  |b 63413507  |c 20151123  |g RCR 
942 |c BK